| 000 | 00411nam a2200181 4500 | ||
|---|---|---|---|
| 005 | 20260216152146.0 | ||
| 008 | CUC123 | ||
| 020 | _a186152384X | ||
| 050 |
_aHF5625 WAL _b1 |
||
| 100 | _aWALTON, PETER | ||
| 245 | _aINTERNATIONAL ACCOUNTING | ||
| 260 |
_aAUSTRALIA _bTHOMSON _c1998 |
||
| 300 | _aXiv,458p | ||
| 500 | _aindex, | ||
| 700 | _aHAILER, AXEL | ||
| 700 | _aRAFFOURNIER, BERNARD | ||
| 942 |
_2lcc _cBK _n0 |
||
| 999 |
_c8725 _d8725 |
||